[Event "Toronto NAYCC U14"]
[Site "Toronto"]
[Date "2013.08.16"]
[Round "5"]
[White "Lei, Sean"]
[Black "Valdez Torres, Nestor Josue"]
[Result "0-1"]
[WhiteElo "1310"]
[BlackElo "1903"]
[PlyCount "88"]
[EventDate "2013.08.14"]
[EventType "swiss"]
[EventRounds "9"]
[EventCountry "CAN"]
[SourceTitle "EXT 2022"]
[Source "ChessBase"]
[SourceDate "2021.10.06"]
[SourceVersion "1"]
[SourceVersionDate "2021.10.06"]
[SourceQuality "1"]

1. e4 c5 2. Nf3 d6 3. c3 Nf6 4. Be2 g6 5. d4 cxd4 6. cxd4 Nc6 7. 0-0 Bg7 8. Be3 0-0 9. Nc3 e5 10. d5 Ne7 11. Nd2 a6 12. a4 Nd7 13. Nc4 Qc7 14. a5 f5 15. f3 f4 16. Bf2 g5 17. Rc1 Rf6 18. Nb6 Nxb6 19. Bxb6 Qd7 20. Qa4 h6 21. Rc2 Rf8 22. Rfc1 Kf7 23. Qa3 h5 24. Na4 Qe8 25. Rc7 Kg8 26. Qxd6 Bf6 27. b3 g4 28. Nc5 Ng6 29. Nxb7 Rb8 30. Nc5 gxf3 31. Bxf3 Nh4 32. Kf2 Nxf3 33. gxf3 Bh4+ 34. Ke2 Rf6 35. Rg7+ Kxg7 36. Qxb8 Qg6 37. Qc7+ Rf7 38. Qxe5+ Bf6 39. Qxf4 Qg2+ 40. Kd1 Bg5 41. Qe5+ Kh7 42. Qc3 Rxf3 43. Nd3 Rf1+ 44. Ne1 Bg4+ 0-1

[Event "Toronto NAYCC U14"]
[Site "Toronto"]
[Date "2013.08.15"]
[Round "2"]
[White "Valdez Torres, Nestor Josue"]
[Black "Graif, William"]
[Result "0-1"]
[WhiteElo "1903"]
[BlackElo "2096"]
[PlyCount "52"]
[EventDate "2013.08.14"]
[EventType "swiss"]
[EventRounds "9"]
[EventCountry "CAN"]
[SourceTitle "EXT 2022"]
[Source "ChessBase"]
[SourceDate "2021.10.06"]
[SourceVersion "1"]
[SourceVersionDate "2021.10.06"]
[SourceQuality "1"]

1. d4 Nf6 2. c4 e6 3. Nc3 Bb4 4. e3 b6 5. Nge2 Ne4 6. Bd2 Nxd2 7. Qxd2 Bb7 8. a3 Be7 9. b4 c5 10. bxc5 bxc5 11. d5 Ba6 12. Ng3 d6 13. Bd3 Nd7 14. 0-0 Ne5 15. Qc2 Qa5 16. dxe6 fxe6 17. Bxh7 Bxc4 18. Rfc1 Qa6 19. Rd1 Rb8 20. Rab1 Rxb1 21. Qxb1 Qb6 22. Qe4 Qc6 23. Bg6+ Kf8 24. Qf4+ Bf6 25. Bc2 Rh4 26. Ba4 Qa6 0-1